Statistiche per Quiz sul Guatemala

Clicka qui per fare il quiz!

Statistiche generali

  • Questo quiz è stato fatto 391 volte
  • Il punteggio medio è 11 su 15

Statistiche sulle risposte

HintRisposta% Corretto
Lingua ufficialeSpagnolo
98%
CapitaleCittà del {Guatemala}
97%
Messico
97%
El Salvador
95%
Honduras
95%
Paesi confinantiBelize
93%
Antica civiltà conosciuta per le piramidi, il calendario e la scritturaMaya
90%
Mare che bagna ad est il paeseMar dei Caraibi
84%
Paese nel quale si stima siano emigrati 1.5 milioni di GuatemaltechiStati Uniti d'America
84%
Importante penisola che comprende anche la parte settentrionale del GuatemalaYucatan
71%
Principale coltivazioneGranoturco
51%
Moneta che prende il nome da un caratteristico uccello verdeQuetzal
40%
Città che per la sua architettura coloniale si chiama con questo nome "vecchio"Antigua
34%
"Ardente" vulcano che eruttò nel 2018 provocando 190 mortiVolcan de {fuego}
31%
Antica città conosciuta anche col nome di Yax MutalTikal
29%

Distribuzione punteggi

Percentile per numero di risposta

Percentuale di utenti per punteggio

I tuoi punteggi nel tempo

Non hai fatto questo quiz